The nuts and bolts of cooperative learning
שמור ב:
| Main Authors: | , , |
|---|---|
| פורמט: | ספר |
| שפה: | אנגלית |
| יצא לאור: |
Interaction Book Company
1994
|
| נושאים: | |
| תגים: |
הוספת תג
אין תגיות, היה/י הראשונ/ה לתייג את הרשומה!
|
MARC
| LEADER | 00000cam a2200000 a 4500 | ||
|---|---|---|---|
| 001 | UCF7844 | ||
| 003 | CL-VaPUC | ||
| 008 | 130711e19940000US |||||||||||||||||eng|d | ||
| 020 | |a 0939603217 | ||
| 082 | 0 | 4 | |a 370.1523 |b JOH |2 21 |
| 100 | |a Johnson, David W |e author |9 602136 | ||
| 700 | 0 | |a Johnson, Roger T |e author |9 569954 | |
| 700 | 0 | |a Holubec, Edythe Johnson |e author |9 569955 | |
| 245 | 1 | 4 | |a The nuts and bolts of cooperative learning |
| 300 | |a pág. irreg | ||
| 942 | |c BK | ||
| 945 | |d 20130711 00:00:00 |a dcastane | ||
| 260 | |b Interaction Book Company |c 1994 | ||
| 650 | 0 | |a Aprendizaje |9 254827 | |
| 650 | 0 | |a Aprendizaje cooperativo |9 429183 | |
| 650 | 0 | |a Métodos de aprendizaje |9 334464 | |
| 583 | |a last modification |c 20130711 11:26:00 |k Rodrigo Vera | ||
| 999 | |c 352597 |d 352595 | ||
| 952 | |0 0 |1 0 |4 0 |6 370_152300000000000_JOH_1994 |7 0 |8 A |9 457177 |a BIBEDU |b BIBEDU |d 2019-11-22 |i 4983203 |o 370.1523 JOH 1994 |p 4983203 |r 2019-11-22 |w 2019-11-22 |y BK |k EPE | ||